| 000 | 02153nim a2200457 i 4500 | ||
|---|---|---|---|
| 001 | 197280 | ||
| 003 | ES-MaACL | ||
| 005 | 20250828062615.0 | ||
| 007 | ss lsnjlcipnne | ||
| 008 | 250424s1991 sp nnnn |||| 00| spa d | ||
| 040 |
_bspa _cES-MaACL |
||
| 245 | 0 | 0 |
_aAlternativas ecológicas a Madrid _h[Grabación sonora] : _bconferencia / _cintervienen Javier Sáenz Baku, Juan Gallego Luque, Jesús González Bravo y Jorge Martin Neira ; modera David M. Rivas |
| 260 |
_aMadrid : _bAteneo de Madrid, _c1991 |
||
| 300 |
_a2 casetes (ca. 180 min) : _bson. ; _c11 cm |
||
| 336 |
_2rdacontent _atexto |
||
| 337 |
_2rdamedia _asin mediación |
||
| 338 |
_2rdacarrier _avolumen |
||
| 490 | 1 | _3Actos culturales en el Ateneo de Madrid | |
| 511 | _aIntervienen: Javier Sáenz Baku (miembro de la Federación de Madrid de los Verdes); Juan Gallego Luque (miembro de la Coordinadora de Defensa Ambiental); Jesús González Bravo (miembro de la Fundación Gondwana) y Jorge Martín Neira (miembro de los Verdes y de AEDENAT); modera David M. Rivas | ||
| 518 | _aGrabado el 19 de marzo de 1991 en el Salón de Actos del Ateneo de Madrid | ||
| 520 | _aConferencia sobre las alternativas ecológicas en Madrid | ||
| 540 | _aDocumento inédito | ||
| 594 | _5Datos basados en la invitación. | ||
| 610 | 2 | 0 |
_aAteneo de Madrid- _xActos culturales- _y1991- _vGrabaciones sonoras _9240452 |
| 650 | 4 |
_911999 _aEcología- _zEspaña |
|
| 650 | 7 |
_9167340 _aEcología vegetal- _zMadrid (Comunidad Autónoma) |
|
| 653 | _aArchivo de la palabra | ||
| 700 | 1 |
_9240481 _aSáenz Baku, Javier _eora |
|
| 700 | 1 |
_9240482 _aGallego Luque, Juan _eora |
|
| 700 | 1 |
_9240483 _aGonzález Bravo, Jesús _eora |
|
| 700 |
_9240484 _aMartín Neira, Jorge _eora |
||
| 700 | 1 |
_aRivas, David M. _emod _997554 |
|
| 710 | 2 |
_91875 _aAteneo de Madrid _ehis |
|
| 710 |
_9240485 _aFederación de Madrid de los Verdes _eclb |
||
| 830 | 0 |
_aActos culturales en el Ateneo de Madrid _9240237 |
|
| 852 |
_aES-MaACL _cDEPOZ _pCinta 1 _9205537 |
||
| 852 |
_aES-MaACL _cDEPOZ _pCinta 2 _9205538 |
||
| 942 |
_2udc _n0 _cCINTASAUD |
||
| 999 |
_c197280 _d197280 |
||